| 000 | 00632nam a2200205 a 4500 | ||
|---|---|---|---|
| 001 | 000016433 | ||
| 005 | 20200929164426.0 | ||
| 008 | 100305s1996 dr 000 0 spa d | ||
| 040 | _aDO-SdBNP | ||
| 082 |
_axxx _bR669s |
||
| 100 | 1 |
_aRoca, Frank A. _936630 |
|
| 245 | 1 | 0 |
_aSemblanza de Ligio Vizardi / _cFrank A. Roca. |
| 260 |
_aSanto Domingo : _bPublicaciones de la Universidad Dominicana O y M, _c1996. |
||
| 300 |
_a57 p. ; _c22 cm. |
||
| 490 | 1 | _aHumanidadez | |
| 500 | _aIncluye notas al pie de las páginas | ||
| 504 | _aIncluye referencias bibliográficas (p. 54-57) | ||
| 830 | 0 |
_aHumanidadez _936631 |
|
| 049 | _aBNPD | ||
| 999 |
_c15968 _d15968 |
||